000 01797nam0a2200385 4500
001 RU\NLR\BIBL_A\012422613
005 20210120114057.0
010 _a978-5-907213-83-8
_9700
021 _aRU
_bКН-П-20-047837
_9КН-П-20-3628
035 _a(NLR Aleph) 012422613
035 _a(RuMoRGB)010402610
090 _a11834852
_c11834852
100 _a20201217d2020 k y0rusy50 ca
101 0 _arus
_aeng
_deng
102 _aRU
105 _aach z 000zy
181 0 _ai
_baxxe
182 0 _an
200 1 _aНемыслимое
_eсистемный анализ событий 11 сентября 2001 года и того, что им предшествовало
_fАноним
_gИнститут системно-стратегического анализа
203 _aТекст
_bвизуальный
_cнепосредственный
205 _a[2-е изд.]
210 _aМосква
_cТоварищество научных изданий КМК
_d2020
215 _a754 с.
_cил., цв. ил., цв. портр., факс., табл.
_d25
300 _aТекст рус., англ.
320 _aБиблиогр. в подстроч. примеч.
517 1 _aСистемный анализ событий 11 сентября 2001 года и того, что им предшествовало
606 1 _aТеррористический акт 11 сентября 2001
_yСоединенные Штаты Америки
_92254976
_3RU\NLR\AUTH\661352383
686 1 _aТ3(7США)63-49
686 1 _aХ916.8
700 0 _7ca
_8rus
_aАноним
_cколлективный псевдоним
_f21 в.
_9204964
_3RU\NLR\AUTH\770205016
942 _cBOOK
980 _aNBR
980 _aNB